Real estate partnerships: a new approach to corporate real estate outsourcing (Record no. 71457)
[ view plain ]
| 000 -LEADER | |
|---|---|
| fixed length control field | 01320cam a2200241 4500 |
| 001 - CONTROL NUMBER | |
| control field | ABS66105 |
| 008 - FIXED-LENGTH DATA ELEMENTS--GENERAL INFORMATION | |
| fixed length control field | 021028n2002 000 0 eng u |
| 035 ## - SYSTEM CONTROL NUMBER | |
| System control number | (Sirsi) u120273 |
| 100 ## - MAIN ENTRY--PERSONAL NAME | |
| Personal name | Asson, T |
| 245 ## - TITLE STATEMENT | |
| Title | Real estate partnerships: a new approach to corporate real estate outsourcing |
| 260 ## - PUBLICATION, DISTRIBUTION, ETC. | |
| Date of publication, distribution, etc. | 2002 |
| 490 ## - SERIES STATEMENT | |
| Series statement | Journal of Corporate Real Estate |
| Volume/sequential designation | 4(4) September 2002, 327-333(8) |
| 520 ## - SUMMARY, ETC. | |
| Summary, etc. | Questions whether carrying out the 'sale-and-leaseback' of corporate real estate is compatible with achieving the flexibility and cost effectiveness that companies need in the operation of their facilities. It looks at the advantages and disadvantages of sale-and-leaseback transactions and analyses how these compare with achieving wider business planning issues. Also reports on new real estate techniques pioneered by corporate real estate partnerships (REPs) transactions in Europe and examines whether this form of outsourcing is more in harmony with the goals of the modern corporate. Figures. [TAKEN FROM JOURNAL HEADNOTE] |
| 590 ## - LOCAL NOTE (RLIN) | |
| Local note | ABS |
| 650 ## - SUBJECT ADDED ENTRY--TOPICAL TERM | |
| Topical term or geographic name entry element | REAL ESTATE |
| 650 ## - SUBJECT ADDED ENTRY--TOPICAL TERM | |
| Topical term or geographic name entry element | CORPORATE REAL ESTATE |
| 650 ## - SUBJECT ADDED ENTRY--TOPICAL TERM | |
| Topical term or geographic name entry element | OUTSOURCING |
| 650 ## - SUBJECT ADDED ENTRY--TOPICAL TERM | |
| Topical term or geographic name entry element | SALE AND LEASEBACK |
| 650 ## - SUBJECT ADDED ENTRY--TOPICAL TERM | |
| Topical term or geographic name entry element | REAL ESTATE PARTNERSHIPS |
| 650 ## - SUBJECT ADDED ENTRY--TOPICAL TERM | |
| Topical term or geographic name entry element | REPS |
| 690 ## - LOCAL SUBJECT ADDED ENTRY--TOPICAL TERM (OCLC, RLIN) | |
| Topical term or geographic name as entry element | PROPERTY MANAGEMENT-CORPORATE REAL ESTATE |
| 942 ## - ADDED ENTRY ELEMENTS (KOHA) | |
| Suppress in OPAC | 0 |
| Withdrawn status | Lost status | Source of classification or shelving scheme | Damaged status | Not for loan | Home library | Current library | Shelving location | Date acquired | Total Checkouts | Full call number | Barcode | Date last seen | Copy number | Price effective from | Koha item type |
|---|---|---|---|---|---|---|---|---|---|---|---|---|---|---|---|
| Dewey Decimal Classification | London | London | Journal article | 28/10/2002 | ABS66105 | 120273-1001 | 06/08/2019 | 1 | 06/08/2019 | Journal article |